000
00308cam a22001217a 4500
008
180718b1966 xxu||||| |||| 00| 0 eng d
082
_a
T300 D877
100
_a
Dufty, N.F.
245
_a
Managerial economics
_c
by N.F. Dufty
260
_a
Bombay
_b
Asia
_c
1966
300
_a
287p.
650
_a
Business Management
999
_c
364554
_d
364554